| 000 | 00785nam a22002297a 4500 | ||
|---|---|---|---|
| 999 |
_c2289 _d2289 |
||
| 003 | AR-CdUCM | ||
| 008 | 190304b ||||| |||| 00| 0 spa d | ||
| 040 |
_aMUNICIPALIDAD PROVINCIAL DEL CUSCO _cBIBLIOTECA MUNICIPAL DEL CUSCO |
||
| 082 |
_a373.1 / _bP62 |
||
| 100 |
_aPicoya H., Luis A. _98267 |
||
| 245 | _aSobre la Naturaleza de la Pedagogía / | ||
| 260 |
_aLima : _bINIDE ; _c1974. |
||
| 300 |
_a147 páginas _c17cm |
||
| 505 | _aContenido: Comunidad, educación y reforma -- La escuela popular moderna -- Pedagogía del oprimido -- Los Rios profundos -- El descubrimiento del número... | ||
| 650 |
_aHistoria _9246 |
||
| 650 |
_aMito _93021 |
||
| 650 |
_aTradición _92713 |
||
| 650 |
_aInkarri _98268 |
||
| 650 |
_aLenguaje _93528 |
||
| 942 |
_2ddc _cLIBROS |
||
| 945 | _anom | ||